<?xml version='1.0' encoding='UTF-8'?>
  <record xmlns="http://www.loc.gov/MARC21/slim">
    <leader>00000ctm a22000007i 4500</leader>
    <controlfield tag="001">on1047606786</controlfield>
    <controlfield tag="003">OCoLC</controlfield>
    <controlfield tag="005">20241025130717.1</controlfield>
    <controlfield tag="008">180803s16uu    ne i          001 0 fre d</controlfield>
    <datafield tag="040" ind1=" " ind2=" ">
      <subfield code="a">QGJ</subfield>
      <subfield code="b">eng</subfield>
      <subfield code="e">rda</subfield>
      <subfield code="c">QGJ</subfield>
      <subfield code="d">OCLCQ</subfield>
      <subfield code="d">OCLCO</subfield>
      <subfield code="d">OCLCQ</subfield>
      <subfield code="d">OCLCO</subfield>
      <subfield code="d">QGJ</subfield>
      <subfield code="d">OCLCO</subfield>
      <subfield code="d">OCLCL</subfield>
      <subfield code="d">OCLCO</subfield>
    </datafield>
    <datafield tag="035" ind1=" " ind2=" ">
      <subfield code="a">(OCoLC)1047606786</subfield>
    </datafield>
    <datafield tag="041" ind1="0" ind2=" ">
      <subfield code="a">fre</subfield>
      <subfield code="a">dut</subfield>
      <subfield code="a">lat</subfield>
    </datafield>
    <datafield tag="100" ind1="1" ind2=" ">
      <subfield code="a">Buchell, Arend van,</subfield>
      <subfield code="d">1565-1641,</subfield>
      <subfield code="e">author.</subfield>
      <subfield code="4">aut</subfield>
      <subfield code="1">https://id.oclc.org/worldcat/entity/E39PBJvt97kGgrhYc6wBHv6BT3</subfield>
    </datafield>
    <datafield tag="242" ind1="1" ind2="0">
      <subfield code="a">History of the Order of the Golden Fleece, with the names and coats of arms of the members,</subfield>
      <subfield code="y">eng</subfield>
    </datafield>
    <datafield tag="242" ind1="1" ind2="0">
      <subfield code="a">Histoire de l'ordre de la Toison d'or avec les noms et les armoiries des membres.</subfield>
      <subfield code="y">fre</subfield>
    </datafield>
    <datafield tag="245" ind1="1" ind2="0">
      <subfield code="a">Geschiedenis van de orde van het Gulden Vlies, met de namen en de familiewapens van de leden /</subfield>
      <subfield code="c">Arn. van Buchell,</subfield>
      <subfield code="f">UBU Hs 11 C 6</subfield>
    </datafield>
    <datafield tag="246" ind1="3" ind2="0">
      <subfield code="a">Instelling van de Ridder-order van het Gulde Vlies :</subfield>
      <subfield code="b">nevens de vergaringen der ridderen, van tijd tot tijd gehouden, de naamen, geslagten, en stamwapenen der zelve met hunne koleuren, andere geslagten en wapenen met hun verbonden : de wapens en naamen van de proosten van de proosten van St. Jan, de heeren van St. Jan of Rhodus, de landcommandeurs van den Duitschen huize, ridders van de order van Prussen, signa cognationis et affinitatis, de genealogia et vera gloria en zeer veele andere merkwaardige zaken</subfield>
    </datafield>
    <datafield tag="246" ind1="1" ind2=" ">
      <subfield code="i">Title in auction catalogue, Utrecht : Beijers, 1959:</subfield>
      <subfield code="a">Manuscrit héraldique sur les Chaveliers de la Toison d'Or, sur les bannières du Brabant, etc.</subfield>
    </datafield>
    <datafield tag="264" ind1=" " ind2="0">
      <subfield code="a">[Utrecht],</subfield>
      <subfield code="c">[between approximately 1600 and 1610]</subfield>
    </datafield>
    <datafield tag="300" ind1=" " ind2=" ">
      <subfield code="a">97 leaves :</subfield>
      <subfield code="b">color coats of arms ;</subfield>
      <subfield code="c">195 x 142 mm</subfield>
    </datafield>
    <datafield tag="336" ind1=" " ind2=" ">
      <subfield code="a">text</subfield>
      <subfield code="b">txt</subfield>
      <subfield code="2">rdacontent</subfield>
    </datafield>
    <datafield tag="336" ind1=" " ind2=" ">
      <subfield code="a">still image</subfield>
      <subfield code="b">sti</subfield>
      <subfield code="2">rdacontent</subfield>
    </datafield>
    <datafield tag="337" ind1=" " ind2=" ">
      <subfield code="a">unmediated</subfield>
      <subfield code="b">n</subfield>
      <subfield code="2">rdamedia</subfield>
    </datafield>
    <datafield tag="338" ind1=" " ind2=" ">
      <subfield code="a">volume</subfield>
      <subfield code="b">nc</subfield>
      <subfield code="2">rdacarrier</subfield>
    </datafield>
    <datafield tag="340" ind1=" " ind2=" ">
      <subfield code="a">Paper</subfield>
    </datafield>
    <datafield tag="500" ind1=" " ind2=" ">
      <subfield code="a">Title from card catalogue.</subfield>
    </datafield>
    <datafield tag="500" ind1=" " ind2=" ">
      <subfield code="a">Leaves foliated: 1*-2*, 2-97, 3*-4*.</subfield>
    </datafield>
    <datafield tag="500" ind1=" " ind2=" ">
      <subfield code="a">Fol. 1*-4* were added on a later date, probably in the 18th century. Fol. 1*replaces an original fol. 1 that was cut off and of which a strip has been left behind.</subfield>
    </datafield>
    <datafield tag="500" ind1=" " ind2=" ">
      <subfield code="a">Fol. 21v, 22r and 35v, 58r-59r blank.</subfield>
    </datafield>
    <datafield tag="500" ind1=" " ind2=" ">
      <subfield code="a">Includes index (fol. 3*r-4*v) on fol. 2-40.</subfield>
    </datafield>
    <datafield tag="500" ind1=" " ind2=" ">
      <subfield code="a">Index on loose sheet, inserted at end.</subfield>
    </datafield>
    <datafield tag="500" ind1=" " ind2=" ">
      <subfield code="a">On flyleaf opposite title page: coat of arms of the Coenen family.</subfield>
    </datafield>
    <datafield tag="500" ind1=" " ind2=" ">
      <subfield code="a">Fol. 1* contains title page: Instelling van de Ridder-order van het Gulde Vlies : nevens de vergaringen der ridderen, van tijd tot tijd gehouden, de naamen, geslagten, en stamwapenen der zelve met hunne koleuren, andere geslagten en wapenen met hun verbonden : de wapens en naamen van de proosten van de proosten van St. Jan, de heeren van St. Jan of Rhodus, de landcommandeurs van den Duitschen huize, ridders van de order van Prussen, signa cognationis et affinitatis, de genealogia et vera gloria en zeer veele andere merkwaardige zaken / vermeerderd door P. van Der Schelling.</subfield>
    </datafield>
    <datafield tag="500" ind1=" " ind2=" ">
      <subfield code="a">In contrary to what title page suggests the manuscript contains no additions by P. van der Schelling.</subfield>
    </datafield>
    <datafield tag="500" ind1=" " ind2=" ">
      <subfield code="a">On top of fol. 88 a small strip of paper has been cut off, with loss of text.</subfield>
    </datafield>
    <datafield tag="505" ind1="8" ind2=" ">
      <subfield code="a">Contains also: fol. 51r-57v, 59v-62r, 65v-95r: Coats of arms and pedigree charts of mainly Dutch families -- fol. 62v-65r: Banderyen van Brabant uuyt een oudt bouck getogen -- fol. 95v-96r: Signa cognationis et affinitatis -- fol. 96v-97v: notes and quotations.</subfield>
    </datafield>
    <datafield tag="541" ind1=" " ind2=" ">
      <subfield code="c">Purchase at auction;</subfield>
      <subfield code="a">J.L. Beijers;</subfield>
      <subfield code="b">Utrecht;</subfield>
      <subfield code="d">19590421</subfield>
    </datafield>
    <datafield tag="524" ind1="8" ind2=" ">
      <subfield code="a">Cite as: Universiteitsbibliotheek Utrecht Hs 11 C 6.</subfield>
    </datafield>
    <datafield tag="546" ind1=" " ind2=" ">
      <subfield code="a">Text mainly in French. Contains also text in Dutch and Latin.</subfield>
    </datafield>
    <datafield tag="563" ind1=" " ind2=" ">
      <subfield code="a">Parchment binding.</subfield>
    </datafield>
    <datafield tag="561" ind1=" " ind2=" ">
      <subfield code="a">Originating form the collection of Cornelis van Alkemade (1654-1737), later on owned by his son-in-law Pieter van der Schelling (1692-1751), by J. F. L. Coenen van 's-Gravesloot (1817-1885), J. W. Six van Vromade (1872-1936) and Frederik Casparus Wieder (1874-1943). Purchased at auction by Utrecht University Library in 1959.</subfield>
    </datafield>
    <datafield tag="581" ind1=" " ind2=" ">
      <subfield code="a">Bibliothèque J.F.L. Coenen van 's Gravesloot : superbe collection de mss. et livres sur la généalogie et l'héraldique, la topographie, l'histoire et la géographie etc. Amsterdam 1918. no. 2 (p. 2)</subfield>
    </datafield>
    <datafield tag="581" ind1=" " ind2=" ">
      <subfield code="a">Catalogue de la bibliothèque de M.J.W. Six de Vromade. La Haye 1925. I, no. 241 (p. 49)</subfield>
    </datafield>
    <datafield tag="581" ind1=" " ind2=" ">
      <subfield code="a">Precious autographs and manuscripts, printed books and fine bindings. Utrecht 1959. no. 59 (p. 17)</subfield>
    </datafield>
    <datafield tag="581" ind1=" " ind2=" ">
      <subfield code="a">M. de Graeff, "De bibliotheek van Jhr. Coenen van 's-Gravesloot : veiling bij R.W.P. de Vries - Amsterdam. 5-7 November 1918", in: Oude kunst 4, no. 1 (1919), 25-28</subfield>
    </datafield>
    <datafield tag="581" ind1=" " ind2=" ">
      <subfield code="a">Peter Pruimers. De veilingen van de bibliotheek van Six van Vromade. In: Eenmaal andermaal! : boekvelingen van enkele bijzondere Nederlandse collecties in de twintigste en vroe-eenentwintigste eeuw. Amsterdam, 2021. P. 17-18.</subfield>
    </datafield>
    <datafield tag="610" ind1="2" ind2="7">
      <subfield code="a">Order of the Golden Fleece</subfield>
      <subfield code="2">fast</subfield>
      <subfield code="1">https://id.oclc.org/worldcat/entity/E39QH7Jmp4yvkfrRVkxRmpxDY6</subfield>
    </datafield>
    <datafield tag="650" ind1=" " ind2="7">
      <subfield code="a">Knights and knighthood</subfield>
      <subfield code="2">fast</subfield>
    </datafield>
    <datafield tag="650" ind1=" " ind2="7">
      <subfield code="a">Heraldry</subfield>
      <subfield code="2">fast</subfield>
    </datafield>
    <datafield tag="650" ind1=" " ind2="7">
      <subfield code="a">Genealogy</subfield>
      <subfield code="2">fast</subfield>
    </datafield>
    <datafield tag="700" ind1="1" ind2=" ">
      <subfield code="a">Alkemade, Kornelis van,</subfield>
      <subfield code="d">1654-1737,</subfield>
      <subfield code="e">former owner.</subfield>
      <subfield code="4">fmo</subfield>
      <subfield code="1">https://id.oclc.org/worldcat/entity/E39PBJmMYqqCpdc7gMhhwvYtrq</subfield>
    </datafield>
    <datafield tag="700" ind1="1" ind2=" ">
      <subfield code="a">Schelling, Pieter van der,</subfield>
      <subfield code="d">1691-1751,</subfield>
      <subfield code="e">former owner.</subfield>
      <subfield code="4">fmo</subfield>
      <subfield code="1">https://id.oclc.org/worldcat/entity/E39PBJjtbFKFxYXwKtMy8BYdcP</subfield>
    </datafield>
    <datafield tag="700" ind1="1" ind2=" ">
      <subfield code="a">Coenen van 'sGravesloot, Jan François Leonard,</subfield>
      <subfield code="d">1817-1885,</subfield>
      <subfield code="e">former owner</subfield>
      <subfield code="4">fmo</subfield>
      <subfield code="0">(isni)0000000391770563</subfield>
    </datafield>
    <datafield tag="700" ind1="1" ind2=" ">
      <subfield code="a">Six van Vromade, Jan Willem,</subfield>
      <subfield code="d">1872-1936,</subfield>
      <subfield code="e">former owner.</subfield>
      <subfield code="4">fmo</subfield>
      <subfield code="1">https://id.oclc.org/worldcat/entity/E39PBJgxkYyBMptT8HDWdP3JDq</subfield>
    </datafield>
    <datafield tag="700" ind1="1" ind2=" ">
      <subfield code="a">Wieder, F. C.</subfield>
      <subfield code="q">(Frederik Caspar),</subfield>
      <subfield code="d">1874-1943,</subfield>
      <subfield code="e">former owner.</subfield>
      <subfield code="4">fmo</subfield>
      <subfield code="1">https://id.oclc.org/worldcat/entity/E39PBJbM7rgwHM4gqhrrPx6tKd</subfield>
    </datafield>
    <datafield tag="710" ind1="2" ind2=" ">
      <subfield code="a">Universiteit Utrecht.</subfield>
      <subfield code="b">Bibliotheek.</subfield>
      <subfield code="k">Manuscript</subfield>
      <subfield code="n">Hs. 11 C 6.</subfield>
    </datafield>
    <datafield tag="758" ind1=" " ind2=" ">
      <subfield code="i">has work:</subfield>
      <subfield code="a">Geschiedenis van de orde van het Gulden Vlies, met de namen en de familiewapens van de leden UBU Hs 11 C 6 (Text)</subfield>
      <subfield code="1">https://id.oclc.org/worldcat/entity/E39PCFXHPVRfmPRtYvYWj49ygq</subfield>
      <subfield code="4">https://id.oclc.org/worldcat/ontology/hasWork</subfield>
    </datafield>
  </record>